=LDR 00000nam 2200000 4500 =001 INLIS000000000036543 =005 20140625105502.0 =006 =007 =008 Ind =035 ##$$a 0010-061300000036543 =041 ##$$a Ind =082 ##$$a 813 =090 ##$$a 813, Nur n =100 ##$$a Nur, Qayyum =245 ##$$a Nasi uduk nekat, Qayyum Nur ; penerjemah, Linda Andriani =260 ##$$a 2010 $b Jakarta =300 ##$$a 198 hlm, ilus, 18 cm =650 ##$$a Fiksi Indonesia =850 ##$$a NBPNMAT =990 ##$$a 94145/BPAP-NTB/2014